00289nam a2200109Ia 4500008004100000041000800041082001400049100001500063245003800078260004400116300001900160241015s9999 xx 000 0 und d aeng a657.3 NAR aNarasimhan aFinancial Statements And Analysis bCengage Learning IndiaaAustraliac2024 a284;. P. 24 cm